00904nam a2200229 a 450000500170000000800410001701500170005802000180007504000710009304100080016411100610017224501480023326000300038130000180041149000390042965000340046865000280050265000450053065000250057570000250060070000490062520211111075228.0960523s2007 ck gr 0001jdspa d ack-2007-xxxx a9789589818152 aCo-BoUCMbspa cSaul Niño (Modificó)dSaul Niño (Modificó)0 aspa2 aJornadas de Literatura Comfama (d: 2007 : cMedellín)10aTodos los cuentos el cuentobla breve invención del mundocSaúl Alvarez Lara ... [et al.] ; Coordinador académico Octavio Escobar Giraldo3 aMedellínbComfamac2007 a245 páginas0 aColección Jornadas de Literatura 7aCuento xHistoria y crítica aCuentosxTemas, motivos 7aCreación literaria, artística, etc.  7aCrítica literaria 12aAlvarez Lara, Saúl12aEscobar Giraldo, Octaviod1962-ecoordinador